<?xml version="1.0" encoding="UTF-8"?>
<record
    xmlns:xsi="http://www.w3.org/2001/XMLSchema-instance"
    xsi:schemaLocation="http://www.loc.gov/MARC21/slim http://www.loc.gov/standards/marcxml/schema/MARC21slim.xsd"
    xmlns="http://www.loc.gov/MARC21/slim">

  <leader>02058njm a2200385Ia 4500</leader>
  <controlfield tag="001">26851</controlfield>
  <controlfield tag="003">IT-RoPAU</controlfield>
  <controlfield tag="005">20220918181112.0</controlfield>
  <controlfield tag="008">131025s9999    xx            000 0 und d</controlfield>
  <datafield tag="040" ind1=" " ind2=" ">
    <subfield code="a">IT-RoPAU</subfield>
  </datafield>
  <datafield tag="040" ind1=" " ind2=" ">
    <subfield code="c">IT-RoPAU</subfield>
  </datafield>
  <datafield tag="999" ind1=" " ind2=" ">
    <subfield code="c">99096</subfield>
    <subfield code="d">99096</subfield>
  </datafield>
  <datafield tag="999" ind1=" " ind2=" ">
    <subfield code="b">n.d.</subfield>
  </datafield>
  <datafield tag="100" ind1=" " ind2=" ">
    <subfield code="a">AA.VV.</subfield>
    <subfield code="9">794</subfield>
  </datafield>
  <datafield tag="100" ind1=" " ind2=" ">
    <subfield code="e">Autore musica</subfield>
    <subfield code="9">17035</subfield>
  </datafield>
  <datafield tag="100" ind1=" " ind2=" ">
    <subfield code="g">Codice autore musica SPICS: 28164</subfield>
    <subfield code="9">17036</subfield>
  </datafield>
  <datafield tag="245" ind1=" " ind2=" ">
    <subfield code="a">Pato Garcia y su salsa</subfield>
  </datafield>
  <datafield tag="250" ind1=" " ind2=" ">
    <subfield code="a">1a ed.</subfield>
  </datafield>
  <datafield tag="260" ind1=" " ind2=" ">
    <subfield code="a">LUGANO</subfield>
  </datafield>
  <datafield tag="260" ind1=" " ind2=" ">
    <subfield code="b">PDU</subfield>
    <subfield code="c">1985 [1a Ed.:1985 - Ed. Lingua Orig.: 1985]</subfield>
  </datafield>
  <datafield tag="300" ind1=" " ind2=" ">
    <subfield code="a">DISCO</subfield>
  </datafield>
  <datafield tag="300" ind1=" " ind2=" ">
    <subfield code="c">3 minuti (Testo:  pag.)</subfield>
  </datafield>
  <datafield tag="500" ind1=" " ind2=" ">
    <subfield code="a">Musica strumentale</subfield>
  </datafield>
  <datafield tag="505" ind1=" " ind2=" ">
    <subfield code="a">Buscandote (3:00) - Soltanto Chispas (4:00) - Me enamore de ti (5:00) - Si tu te vas (5:00) - Te quiero con locura (4:00) - Sensaciones [(Sensazioni) (5:00)] - Tocame la pelota (3:00) - Donde estaras amor (4:00) - Rosario (4:00) - Dolores (4:00)</subfield>
  </datafield>
  <datafield tag="650" ind1=" " ind2=" ">
    <subfield code="a">STRUMENTALE [DISCHI]</subfield>
    <subfield code="e">Codice MATERIA SPICS: 9950</subfield>
    <subfield code="9">828</subfield>
  </datafield>
  <datafield tag="700" ind1=" " ind2=" ">
    <subfield code="a">Pato Garcia Angel</subfield>
    <subfield code="g">Codice interprete SPICS: 10032</subfield>
    <subfield code="e">Interprete</subfield>
    <subfield code="9">17037</subfield>
  </datafield>
  <datafield tag="700" ind1=" " ind2=" ">
    <subfield code="a">Del Parana Luis A.</subfield>
    <subfield code="g">Codice autore musica SPICS: 28164</subfield>
    <subfield code="e">Autore musica</subfield>
    <subfield code="p">Buscandote</subfield>
    <subfield code="9">17038</subfield>
  </datafield>
  <datafield tag="700" ind1=" " ind2=" ">
    <subfield code="a">Norton Neneco</subfield>
    <subfield code="g">Codice autore SPICS: 20662</subfield>
    <subfield code="e">Autore</subfield>
    <subfield code="p">Buscandote</subfield>
    <subfield code="9">17039</subfield>
  </datafield>
  <datafield tag="700" ind1=" " ind2=" ">
    <subfield code="a">Hernandez Ernesto</subfield>
    <subfield code="g">Codice autore musica SPICS: 28161</subfield>
    <subfield code="e">Autore musica</subfield>
    <subfield code="p">Soltanto Chispas</subfield>
    <subfield code="9">17040</subfield>
  </datafield>
  <datafield tag="700" ind1=" " ind2=" ">
    <subfield code="a">Calvache Jos&#xE9; Mbopi</subfield>
    <subfield code="g">Codice autore SPICS: 28162</subfield>
    <subfield code="e">Autore</subfield>
    <subfield code="p">Soltanto Chispas</subfield>
    <subfield code="9">17041</subfield>
  </datafield>
  <datafield tag="700" ind1=" " ind2=" ">
    <subfield code="a">Pato Garcia Angel</subfield>
    <subfield code="g">Codice autore musica SPICS: 10032</subfield>
    <subfield code="e">Autore musica</subfield>
    <subfield code="p">Me enamore de ti - Si tu te vas - Te quiero con locura - Sensaciones (Sensazioni) - Tocame la pelota - Donde estaras amor - Rosario - Dolores</subfield>
    <subfield code="9">17042</subfield>
  </datafield>
  <datafield tag="700" ind1=" " ind2=" ">
    <subfield code="a">Lara Roberto</subfield>
    <subfield code="g">Codice autore SPICS: 28163</subfield>
    <subfield code="e">Autore</subfield>
    <subfield code="p">Me enamore de ti - Si tu te vas - Tocame la pelota - Donde estaras amor - Rosario - Dolores</subfield>
    <subfield code="9">17043</subfield>
  </datafield>
  <datafield tag="700" ind1=" " ind2=" ">
    <subfield code="a">Barreto Adrian</subfield>
    <subfield code="g">Codice autore SPICS: 28165</subfield>
    <subfield code="e">Autore</subfield>
    <subfield code="p">Te quiero con locura</subfield>
    <subfield code="9">17044</subfield>
  </datafield>
  <datafield tag="700" ind1=" " ind2=" ">
    <subfield code="a">Pani Massimiliano</subfield>
    <subfield code="g">Codice autore SPICS: 18920</subfield>
    <subfield code="e">Autore musica</subfield>
    <subfield code="p">Sensaciones (Sensazioni)</subfield>
    <subfield code="9">17045</subfield>
  </datafield>
  <datafield tag="942" ind1=" " ind2=" ">
    <subfield code="c">MD</subfield>
    <subfield code="2">ddc</subfield>
  </datafield>
  <datafield tag="952" ind1=" " ind2=" ">
    <subfield code="0">0</subfield>
    <subfield code="1">0</subfield>
    <subfield code="4">0</subfield>
    <subfield code="6">26851_000000000000000</subfield>
    <subfield code="7">1</subfield>
    <subfield code="a">SPICS</subfield>
    <subfield code="b">SPICS</subfield>
    <subfield code="d">2013-10-25</subfield>
    <subfield code="l">0</subfield>
    <subfield code="o">26851</subfield>
    <subfield code="r">2013-10-25 00:00:00</subfield>
    <subfield code="w">2013-10-25</subfield>
    <subfield code="y">MD</subfield>
    <subfield code="z">Progr. Ins.: 5851 / N.Vol.: n.d. / Copie: 1 - Copia rara: n.d. / date import: 01.01.2014 - By Epidotti, Trombetti, Vaglietti</subfield>
  </datafield>
</record>
